<?xml version="1.0" encoding="UTF-8"?><?xml-stylesheet type="text/xsl" href="static/style.xsl"?><OAI-PMH xmlns="http://www.openarchives.org/OAI/2.0/" xmlns:xsi="http://www.w3.org/2001/XMLSchema-instance" xsi:schemaLocation="http://www.openarchives.org/OAI/2.0/ http://www.openarchives.org/OAI/2.0/OAI-PMH.xsd"><responseDate>2026-04-13T07:11:23Z</responseDate><request verb="GetRecord" identifier="oai:www.recercat.cat:10230/58992" metadataPrefix="marc">https://recercat.cat/oai/request</request><GetRecord><record><header><identifier>oai:recercat.cat:10230/58992</identifier><datestamp>2025-12-26T11:23:05Z</datestamp><setSpec>com_2072_6</setSpec><setSpec>col_2072_452952</setSpec></header><metadata><record xmlns="http://www.loc.gov/MARC21/slim" xmlns:dcterms="http://purl.org/dc/terms/" xmlns:xsi="http://www.w3.org/2001/XMLSchema-instance" xmlns:doc="http://www.lyncode.com/xoai" xsi:schemaLocation="http://www.loc.gov/MARC21/slim http://www.loc.gov/standards/marcxml/schema/MARC21slim.xsd">
   <leader>00925njm 22002777a 4500</leader>
   <datafield ind2=" " ind1=" " tag="042">
      <subfield code="a">dc</subfield>
   </datafield>
   <datafield ind2=" " ind1=" " tag="720">
      <subfield code="a">Cienfuegos Mateo, Manuel</subfield>
      <subfield code="e">author</subfield>
   </datafield>
   <datafield ind2=" " ind1=" " tag="260">
      <subfield code="c">2024-02-08T06:43:43Z</subfield>
   </datafield>
   <datafield ind2=" " ind1=" " tag="260">
      <subfield code="c">2024-02-08T06:43:43Z</subfield>
   </datafield>
   <datafield ind2=" " ind1=" " tag="260">
      <subfield code="c">2018</subfield>
   </datafield>
   <datafield ind2=" " ind1=" " tag="520">
      <subfield code="a">El objeto de esta investigación es exponer las vías de recurso existentes frente a las decisiones de las Autoridades Europeas de Supervisión (la Autoridad Bancaria Europea, la Autoridad Europea de Valores y Mercados y la Autoridad Europea de Seguros y Pensiones de Jubilación) ante la Sala de Recurso común a estas tres agencias y, a renglón seguido, los recursos frente a las decisiones de este órgano de naturaleza peculiar y los medios directos de impugnación de las acciones y omisiones de las tres agencias europeas (recursos de anulación, omisión y de responsabilidad extracontractual) ante el Tribunal de Justicia de la Unión Europea.</subfield>
   </datafield>
   <datafield tag="653" ind2=" " ind1=" ">
      <subfield code="a">Sistema Europeo de Supervisión Financiera</subfield>
   </datafield>
   <datafield tag="653" ind2=" " ind1=" ">
      <subfield code="a">Autoridades europeas de supervisión</subfield>
   </datafield>
   <datafield tag="653" ind2=" " ind1=" ">
      <subfield code="a">Vías de recurso</subfield>
   </datafield>
   <datafield tag="653" ind2=" " ind1=" ">
      <subfield code="a">Sala de recurso</subfield>
   </datafield>
   <datafield tag="653" ind2=" " ind1=" ">
      <subfield code="a">Tribunal de Justicia de la Unión Europea</subfield>
   </datafield>
   <datafield ind2="0" ind1="0" tag="245">
      <subfield code="a">El control de las agencias del Sistema Europeo de Supervisión Financiera por la Sala de Recurso y el Tribunal de Justicia de la Unión Europea</subfield>
   </datafield>
</record></metadata></record></GetRecord></OAI-PMH>